SMARTER THE NEW SCIENCE OF BUILDING BRAI (Record no. 29589)

MARC details
000 -LEADER
fixed length control field 00340nam a2200133Ia 4500
008 - FIXED-LENGTH DATA ELEMENTS--GENERAL INFORMATION
fixed length control field 240624s9999 xx 000 0 und d
041 ## - LANGUAGE CODE
Language code of text/sound track or separate title eng
082 ## - DEWEY DECIMAL CLASSIFICATION NUMBER
Classification number 828 HUR
100 ## - MAIN ENTRY--PERSONAL NAME
Personal name HURLEY DAN
245 ## - TITLE STATEMENT
Title SMARTER THE NEW SCIENCE OF BUILDING BRAI
260 ## - PUBLICATION, DISTRIBUTION, ETC.
Date of publication, distribution, etc. 2017
Place of publication, distribution, etc. New Delhi
Name of publisher, distributor, etc. Penguin
300 ## - PHYSICAL DESCRIPTION
Extent xxiv, 275 p.; 19 cm.
365 ## - TRADE PRICE
Currency code RS
Price amount 28.5
Holdings
Withdrawn status Lost status Damaged status Not for loan Home library Current library Shelving location Date acquired Cost, normal purchase price Total Checkouts Full call number Barcode Date last seen Date last checked out Copy number Price effective from Koha item type
        IMTN IMTN Rack 42-A 11/16/2017 499.00 1 828 HUR 29589 10/16/2025 10/05/2025 1 06/24/2024 Books
Designed & Maintained by: LRC IMT Nagpur Contact: lrc@imtnag.ac.in© 2024. All Rights Reserved.